00998nam a22002171i 4500001000700000003000900007005001700016008004100033100003700074245014600111260005700257300002100314490005900335500002700394650005200421710004200473830006300515852005900578999001900637952012400656179616ES-MaACL20250731063047.0111226s1919 sp |||| | spa d1 aSuárez Zamora, Rodrigo910866913aLa tuberculosis en los niños b: causas predisponentes : consejos a los padres para evitarlas o atenuarlas / cpor Rodrigo Suárez Zamora. aMadrid : bSociedad Española de Higiene, c[1919?] a35 p. ; c22 cm.1 aLegado Roel : Colección de Memorias Premiadas ; v24 aConcurso de 1918-1919. 4aTuberculosis en niños-xPrevención.91488412 aSociedad Española de Higiene.9672500aLegado Roel: Colección de memorias premiadasv249183286 aES-MaACLjC-8171(19) z.- Encuadernado con otras obras c179616d179616 00104070aATENEOMbATENEOMcSPALd2011-12-26eSCl0oC-8171(19)p1188690r2023-02-23 00:00:00w2023-02-23yMONOGRAFIA